000 004370000a22001810004500
003 MACL
005 20151010131257.0
008 151010b xxu||||| |||| 00| 0 eng d
040 _aMACL
_cMACL
041 _aEnglish
082 _a920/CHA
100 _aChakravarty, Basudha
_914342
245 _aKazi Nazrul Islam
260 _bNatioal Book Trust
_c1968
_aNew Delhi
350 _a2
650 _aBiography
_914343
942 _cBK
_k920
_2ddc
999 _c7213
_d7213